000 00680nam a2200217Ii 4500
003 JO-AjNU
008 230605s9999||||xx |||||||||||||| ||und||
017 _a1987/7/651
040 _aJO-AjNU
_bara
_erda
_cJO-AjNU
041 _aara
050 1 4 _aPJ7866.J3.H3 1987
100 3 _aتأليف العجيلي، عبد السلام,
_eauthor
_912792
245 0 0 _aحفنة من الذكريات
250 _aط1
264 3 1 _aدمشق: طلاس للدراسات والنشر، 1987
300 _a260ص
336 _atext
_btxt
_2rdacontent
337 _aunmediated
_bn
_2rdamedia
338 _avolume
_bnc
_2rdacarrier
650 4 _aالأدب العربي - محاضرات
_912793
999 _aA3015
_c6583
_d6583